000 00403nam a2200157Ia 4500
999 _c29896
_d29896
003 OSt
005 20251007140015.0
008 250310s9999||||xx |||||||||||||| ||und||
040 _c.
082 _a920
_bG439
100 _94845
_aGibbon, Edward
245 0 _aAutobiography of Edward Gibbon /
_cEdward Gibbon
260 _aLondon :
_bOxford university press,
_c1950.
300 _a339 p.
942 _cBK
_2ddc